[Event "Mechanics' Fall TNM; 30/90, SD/30"]
[Site "San Francisco"]
[Date "2013.10.22"]
[Round "1.1"]
[White "Solomonik, Edgar"]
[Black "Winslow, Elliott"]
[Result "0-1"]
[WhiteElo "1806"]
[BlackElo "2280"]
[PlyCount "70"]
[EventDate "2013.??.??"]

1. d4 Nf6 2. c4 e6 3. Nf3 c5 4. d5 exd5 5. cxd5 d6 6. Nc3 g6 7. e4 Bg7 8. Be2
O-O 9. Nd2 Re8 10. f4 a6 11. a4 Nbd7 12. O-O c4 13. Re1 Nc5 14. Bf1 Ng4 15. e5
Qh4 16. Nf3 Qf2+ 17. Kh1 Nb3 18. Ra3 Bf5 19. h3 Bc2 20. Qe2 Qxe2 21. Rxe2 Bd3
22. hxg4 Nxc1 23. Re1 Bxf1 24. Rxc1 Bd3 25. Re1 dxe5 26. fxe5 f6 27. e6 Rad8
28. a5 f5 29. Ne5 Be4 30. Nd7 Bxc3 31. Rxc3 Kg7 32. Rxe4 fxe4 33. Rxc4 e3 34.
Nb6 Rxe6 35. dxe6 e2 0-1

[Event "Mechanics' Spring TNM; 30/90, SD/30"]
[Site "San Francisco"]
[Date "2013.03.19"]
[Round "1.1"]
[White "Solomonik, Edgar"]
[Black "Winslow, Elliott"]
[Result "0-1"]
[WhiteElo "1779"]
[BlackElo "2319"]
[PlyCount "56"]
[EventDate "2013.??.??"]

1. d4 Nf6 2. c4 e6 3. Nf3 c5 4. d5 exd5 5. cxd5 d6 6. Nc3 g6 7. e4 Bg7 8. Bb5+
Nbd7 9. a4 O-O 10. O-O Qe7 11. Re1 Ne5 12. Nd2 g5 13. f3 Ne8 14. Nc4 f5 15.
Bxe8 Rxe8 16. Nxe5 Bxe5 17. Kh1 f4 18. a5 Kh8 19. Qc2 g4 20. Ne2 gxf3 21. gxf3
Qh4 22. Bd2 Qf2 23. Nxf4 Qxf3+ 24. Ng2 Bh3 25. Bc3 Rg8 26. Bxe5+ dxe5 27. Rg1
Rxg2 28. Rxg2 Rg8 0-1

[Event "Mechanics' Winter TNM; 30/90, SD/30"]
[Site "San Francisco"]
[Date "2013.01.22"]
[Round "3.28"]
[White "Somerville, Kenneth"]
[Black "Allen, Tom"]
[Result "1-0"]
[WhiteElo "1685"]
[BlackElo "1535"]
[PlyCount "85"]
[EventDate "2013.??.??"]

1. e4 e5 2. Nf3 Nc6 3. d4 exd4 4. c3 dxc3 5. Nxc3 Bb4 6. Bc4 d6 7. Qb3 Qe7 8.
O-O Bxc3 9. bxc3 Nf6 10. Ba3 O-O 11. Rfe1 Na5 12. Qb4 Nxc4 13. Qxc4 Be6 14. Qb4
c5 15. Qb2 Qc7 16. e5 dxe5 17. Nxe5 b6 18. Qe2 Rfe8 19. c4 Nd7 20. Bb2 f6 21.
Nf3 Bg4 22. Qd3 Bh5 23. Rad1 Rad8 24. Qd5+ Bf7 25. Rxe8+ Rxe8 26. Qxd7 Qb8 27.
Qd3 Bh5 28. h3 Qb7 29. Qd5+ Qxd5 30. cxd5 Bf7 31. Kf1 Rd8 32. d6 Bc4+ 33. Ke1
Re8+ 34. Kd2 Bb5 35. Kc3 Bd7 36. Kc4 a6 37. Re1 Rxe1 38. Nxe1 Kf7 39. Kd5 a5
40. Nc2 a4 41. Ne3 b5 42. Kxc5 Ke6 43. Nd5 1-0

[Event "Mechanics' Winter TNM; 30/90, SD/30"]
[Site "San Francisco"]
[Date "2013.01.29"]
[Round "4.22"]
[White "Somerville, Kenneth"]
[Black "Brown, Nicholas"]
[Result "0-1"]
[WhiteElo "1685"]
[BlackElo "1471"]
[PlyCount "62"]
[EventDate "2013.??.??"]

1. e4 c6 2. d4 d5 3. Nc3 dxe4 4. Nxe4 Bf5 5. Bd3 Qxd4 6. Nf3 Qd7 7. Nc5 Qc8 8.
Nxb7 $4 Bxd3 9. Qxd3 Qxb7 10. O-O Nf6 11. Bf4 e6 12. Rad1 Be7 13. Rd2 O-O 14.
Rfd1 Nbd7 15. Qe2 Rad8 16. Nd4 Nc5 17. Qf3 Nce4 18. Rd3 c5 19. Rb3 Qd7 20. g4
e5 21. Bxe5 Ng5 22. Qe2 Qxg4+ 23. Kf1 Qxe2+ 24. Kxe2 cxd4 25. f4 Nge4 26. Rg1
Kh8 27. Rb7 Bc5 28. Kd3 Nf2+ 29. Kc4 d3 30. cxd3 Nxd3 31. Bc3 Bxg1 0-1

[Event "Mechanics' Winter TNM; 30/90, SD/30"]
[Site "San Francisco"]
[Date "2013.02.19"]
[Round "7.25"]
[White "Somerville, Kenneth"]
[Black "Rakonitz, David"]
[Result "1/2-1/2"]
[WhiteElo "1685"]
[BlackElo "1490"]
[Annotator "Donaldson"]
[PlyCount "46"]
[EventDate "2013.??.??"]

1. e4 e6 2. d4 d5 3. exd5 exd5 4. Nf3 Bd6 5. Bd3 Ne7 6. O-O O-O 7. Bg5 f6 8.
Be3 Bf5 9. c4 Bxd3 10. Qxd3 dxc4 11. Qxc4+ Kh8 12. Nc3 Nd7 13. Rac1 Nb6 14. Qb3
Nf5 (14... c6 15. d5) 15. Nb5 Nxe3 16. fxe3 c6 17. Nxd6 Qxd6 18. e4 Rae8 19. e5
fxe5 20. dxe5 Qe7 21. Qe3 Qb4 22. e6 Qe7 23. Rce1 h6 1/2-1/2

[Event "Mechanics' Neil Falconer TNM; 30/90, SD"]
[Site "San Francisco"]
[Date "2013.09.17"]
[Round "7.15"]
[White "Standen, Julian"]
[Black "Alzhin, Leonid"]
[Result "0-1"]
[WhiteElo "1625"]
[BlackElo "1873"]
[PlyCount "52"]
[EventDate "2013.??.??"]

1. d4 Nf6 2. Nf3 e6 3. e3 c5 4. c3 d5 5. Bd3 Bd6 6. Nbd2 O-O 7. O-O Nbd7 8. Re1
e5 9. dxe5 Nxe5 10. Nxe5 Bxe5 11. e4 Qc7 12. Nf3 dxe4 13. Bxe4 Nxe4 14. Rxe4
Bd6 15. Bg5 Bf5 16. Re3 h6 17. Bh4 c4 18. Qe1 Bc5 19. Re5 Bd3 20. Be7 Bxe7 21.
Rxe7 Qb6 22. Qd2 Rad8 23. Nd4 Rfe8 24. Rae1 Rxe7 25. Rxe7 Qa5 26. a3 Rxd4 0-1

[Event "Mechanics' Neil Falconer TNM; 30/90, SD"]
[Site "San Francisco"]
[Date "2013.08.13"]
[Round "2.17"]
[White "Standen, Julian"]
[Black "Chen, Mingson"]
[Result "1/2-1/2"]
[WhiteElo "1625"]
[BlackElo "1900"]
[PlyCount "43"]
[EventDate "2013.??.??"]

1. d4 Nf6 2. Nf3 g6 3. Bg5 Bg7 4. Nbd2 d5 5. e3 O-O 6. Bd3 c5 7. c3 Nbd7 8. O-O
b6 9. Re1 Bb7 10. Rc1 Ne4 11. Bf4 Ndf6 12. Ne5 Nxd2 13. Qxd2 Nd7 14. Nxd7 Qxd7
15. Rcd1 Rfd8 16. Qe2 e6 17. Bb5 Bc6 18. Ba6 Bb7 19. Bb5 Bc6 20. Ba6 Bb7 21.
Bb5 Bc6 22. Ba6 1/2-1/2

[Event "Mechanics' Winter TNM; 30/90, SD/30"]
[Site "San Francisco"]
[Date "2013.01.15"]
[Round "2.11"]
[White "Standen, Julian"]
[Black "Ivanov, Aleksandr"]
[Result "0-1"]
[WhiteElo "1822"]
[BlackElo "2022"]
[PlyCount "44"]
[EventDate "2013.??.??"]

1. d4 d5 2. Nf3 Nf6 3. e3 g6 4. Bd3 Bg7 5. Nbd2 O-O 6. O-O b6 7. e4 dxe4 8.
Nxe4 Bb7 9. Qe2 Nbd7 10. c3 Re8 11. Bf4 c5 12. dxc5 Nxe4 13. Bxe4 Bxe4 14. Qxe4
Nxc5 15. Qc2 Qd3 16. Rac1 Qc4 17. Be3 Qxa2 18. b4 Qxc2 19. Rxc2 Ne4 20. c4 Rec8
21. b5 Nc3 22. Bd4 Nxb5 0-1

[Event "Mechanics' Neil Falconer TNM; 30/90, SD"]
[Site "San Francisco"]
[Date "2013.08.27"]
[Round "4.15"]
[White "Standen, Julian"]
[Black "Kokesh, Tim"]
[Result "1/2-1/2"]
[WhiteElo "1625"]
[BlackElo "2066"]
[PlyCount "64"]
[EventDate "2013.??.??"]

1. d4 e6 2. Nf3 c5 3. e3 Nf6 4. Bd3 d5 5. c3 Nc6 6. Nbd2 Bd6 7. O-O O-O 8. Qe2
e5 9. dxe5 Bxe5 10. h3 Re8 11. Nxe5 Nxe5 12. Nf3 Nxd3 13. Qxd3 Bd7 14. b3 Qb6
15. Re1 Bc6 16. Bb2 Rad8 17. Rad1 Qa5 18. Qb1 Ne4 19. c4 Nc3 20. Bxc3 Qxc3 21.
cxd5 Rxd5 22. Rxd5 Bxd5 23. e4 Bc6 24. Re3 Qb4 25. e5 Bxf3 26. gxf3 Re6 27. Qd3
Rg6+ 28. Kh2 Qf4+ 29. Kh1 Qh4 30. Qf5 Re6 31. Kg2 h6 32. f4 Qe7 1/2-1/2

[Event "Mechanics' Spring TNM; 30/90, SD/30"]
[Site "San Francisco"]
[Date "2013.04.23"]
[Round "6.22"]
[White "Standen, Julian"]
[Black "Niemann, Hans"]
[Result "1-0"]
[WhiteElo "1723"]
[BlackElo "1227"]
[PlyCount "83"]
[EventDate "2013.??.??"]

1. d4 Nf6 2. Nf3 g6 3. Nbd2 d5 4. e3 Bf5 5. c4 c6 6. Be2 Na6 7. a3 Nc7 8. O-O
Bg7 9. cxd5 cxd5 10. Ne5 Nd7 11. Nxd7 Qxd7 12. Nf3 Rc8 13. Bd2 Na8 14. Rc1 O-O
15. Qb3 Nb6 16. Bb5 Qd8 17. Ba5 Rxc1 18. Rxc1 e6 19. Be2 h5 20. h3 g5 21. Qc3
g4 22. hxg4 hxg4 23. Bxb6 axb6 24. Ne5 Qh4 25. g3 Qh3 26. Bf1 Qh5 27. Bd3 Bxe5
28. Bxf5 Bxg3 29. fxg3 exf5 30. Qc7 Qh3 31. Rc2 Qh6 32. Qe5 Qg5 33. Rh2 f6 34.
Qxd5+ Kg7 35. Qe6 Rh8 36. Qe7+ Kg8 37. Qe8+ Kg7 38. Rxh8 Qxe3+ 39. Qxe3 Kxh8
40. Qf4 Kg7 41. Qxf5 b5 42. Qxg4+ 1-0

[Event "Mechanics' Winter TNM; 30/90, SD/30"]
[Site "San Francisco"]
[Date "2013.02.12"]
[Round "6.36"]
[White "Standen, Julian"]
[Black "Niemann, Hans"]
[Result "1-0"]
[WhiteElo "1649"]
[BlackElo "1172"]
[PlyCount "51"]
[EventDate "2013.??.??"]

1. d4 Nf6 2. Nf3 e6 3. e3 Be7 4. Bd3 O-O 5. Nbd2 Nc6 6. c3 d5 7. O-O Bd7 8. Qe2
a6 9. e4 b5 10. e5 Ne8 11. a3 f5 12. exf6 Bxf6 13. Ne5 Bxe5 14. dxe5 d4 15. Nf3
dxc3 16. bxc3 Ne7 17. Bg5 c5 18. Rfd1 Rf7 19. Be4 Ra7 20. Qd3 h6 21. Bc6 c4 22.
Qd2 hxg5 23. Bxd7 Nf5 24. Bxe6 Qxd2 25. Rxd2 a5 26. Nxg5 1-0

[Event "Mechanics' Spring TNM; 30/90, SD/30"]
[Site "San Francisco"]
[Date "2013.04.09"]
[Round "4.12"]
[White "Standen, Julian"]
[Black "Ochoa, Jason"]
[Result "0-1"]
[WhiteElo "1723"]
[BlackElo "1913"]
[Annotator "Donaldson"]
[PlyCount "60"]
[EventDate "2013.??.??"]

1. d4 g6 2. Nf3 Bg7 3. c3 b6 4. e4 Bb7 5. Bd3 d6 6. O-O Nd7 7. Qe2 Ngf6 8. Nbd2
O-O 9. e5 dxe5 10. dxe5 Nd5 11. Nb3 (11. e6 $2 Nf4) 11... e6 12. Bg5 Qb8 13.
Rad1 h6 14. Bc1 c5 15. Rfe1 Qc7 16. a3 a5 17. c4 Ne7 18. Bf4 a4 19. Nbd2 Nc6
20. Bc2 Rfd8 21. Nb1 Ne7 22. Nc3 Bc6 23. h4 h5 24. Bg5 Bxf3 25. gxf3 Nxe5 26.
Nb5 Rxd1 27. Nxc7 $4 (27. Rxd1 Qb7 28. Be4 N5c6 29. Bxe7 Qxe7 30. Bxc6 Rc8 31.
Be4 Qxh4 32. Qd2 $14) 27... Rxe1+ 28. Qxe1 Nxf3+ 29. Kf1 Nxe1 30. Kxe1 Rc8 0-1

[Event "Mechanics' Spring TNM; 30/90, SD/30"]
[Site "San Francisco"]
[Date "2013.03.26"]
[Round "2.26"]
[White "Standen, Julian"]
[Black "Olson, David"]
[Result "1-0"]
[WhiteElo "1723"]
[BlackElo "1519"]
[PlyCount "59"]
[EventDate "2013.??.??"]

1. d4 e6 2. Nf3 Nf6 3. e3 c5 4. Bd3 b6 5. Nbd2 Bb7 6. O-O Nc6 7. c3 d5 8. Qe2
c4 9. Bc2 h6 10. e4 dxe4 11. Nxe4 b5 12. Rd1 Nd5 13. Ne5 Qc7 14. Ng3 g5 15. Re1
O-O-O 16. Bd2 f5 17. Ng6 Rg8 18. Qxe6+ Kb8 19. Qxg8 Bd6 20. Re8 Bc8 21. Rae1
Nf6 22. Qh8 Nxe8 23. Rxe8 Kb7 24. Rxd8 Nxd8 25. Ne5 Ne6 26. Bxf5 Kb6 27. Be3
Ka6 28. Qf6 Bxe5 29. Qxe5 Qf7 30. d5 1-0

[Event "Mechanics' Summer TNM; 30/90, SD/30"]
[Site "San Francisco"]
[Date "2013.06.04"]
[Round "2.21"]
[White "Standen, Julian"]
[Black "Purland, Matthew"]
[Result "1/2-1/2"]
[WhiteElo "1657"]
[BlackElo "1506"]
[PlyCount "72"]
[EventDate "2013.??.??"]

1. d4 Nf6 2. Nf3 g6 3. Bg5 Bg7 4. Nbd2 d6 5. e4 Bg4 6. c3 e5 7. dxe5 dxe5 8.
Qc2 O-O 9. Be2 Nc6 10. O-O Qe7 11. Rad1 a6 12. Nc4 Bxf3 13. Bxf3 b5 14. Ne3 Qe6
15. b3 Na5 16. Nd5 Rac8 17. h3 h5 18. Rd2 c6 19. Nb4 c5 20. Nd5 Nc6 21. Rd3 Ne7
22. Nxe7+ Qxe7 23. Rfd1 c4 24. Rd7 cxb3 25. axb3 Qc5 26. R7d3 Kh7 27. Qd2 a5
28. Qe3 Qxe3 29. Rxe3 Rc5 30. Red3 Rfc8 31. Rd6 R8c6 32. Bxf6 Bxf6 33. Be2 Rxc3
34. Bxb5 Rxd6 35. Rxd6 Rc1+ 36. Kh2 Kg7 1/2-1/2

[Event "Mechanics' Fall TNM; 30/90, SD/30"]
[Site "San Francisco"]
[Date "2013.12.10"]
[Round "8.9"]
[White "Standen, Julian"]
[Black "Shnaiderman, Lazar"]
[Result "0-1"]
[WhiteElo "1667"]
[BlackElo "1802"]
[PlyCount "68"]
[EventDate "2013.??.??"]

1. d4 Nf6 2. Nf3 e6 3. e3 c5 4. Bd3 b6 5. Nbd2 Nc6 6. O-O Be7 7. c3 cxd4 8.
exd4 Qc7 9. Re1 Nd5 10. Ne5 Bb7 11. Ndf3 f6 12. Nc4 O-O-O 13. Ne3 Nf4 14. Bf1
g5 15. g3 Ng6 16. d5 Nce5 17. Nxe5 Nxe5 18. Bg2 Ba6 19. Qa4 Bd3 20. c4 g4 21.
Qb3 Bg6 22. Qd1 h5 23. f4 gxf3 24. Bxf3 Nxf3+ 25. Qxf3 Qb7 26. Bd2 Rdf8 27. b4
h4 28. c5 hxg3 29. hxg3 Bd8 30. c6 dxc6 31. dxc6 Qh7 32. Ng4 Bh5 33. Qe4 Qxe4
34. Rxe4 f5 0-1

[Event "Mechanics' Fall TNM; 30/90, SD/30"]
[Site "San Francisco"]
[Date "2013.11.12"]
[Round "4.8"]
[White "Starr, Albert"]
[Black "Andries, Craig"]
[Result "0-1"]
[WhiteElo "1452"]
[BlackElo "1956"]
[PlyCount "88"]
[EventDate "2013.??.??"]

1. b4 e5 2. Bb2 d6 3. e3 Nf6 4. d3 g6 5. Nf3 Bg7 6. Be2 O-O 7. O-O Nc6 8. b5
Ne7 9. Nbd2 h6 10. c4 Bd7 11. a4 a6 12. Ra3 c6 13. Qb3 Be6 14. e4 Nd7 15. d4 f6
16. d5 cxd5 17. cxd5 Nc5 18. Qa2 Bf7 19. Rc1 f5 20. Qb1 fxe4 21. Nxe4 Nxe4 22.
Qxe4 Bxd5 23. Qg4 Rf4 24. Qh3 g5 25. g3 g4 26. Qf1 Rxf3 27. Bxf3 Bxf3 28. h3 h5
29. h4 Qb6 30. Qc4+ Bd5 31. Qc7 Qxc7 32. Rxc7 Bf8 33. Rd3 axb5 34. axb5 Ra2 35.
Ba3 e4 36. Rdc3 Bg7 37. Rc2 Rxa3 38. Rxe7 Ra1+ 39. Kh2 e3 40. f3 Bxf3 41. Rg2
Bd4 42. Re6 Be5 43. Rh6 e2 44. Rg1 Rxg1 0-1

[Event "Mechanics' Spring TNM; 30/90, SD/30"]
[Site "San Francisco"]
[Date "2013.05.07"]
[Round "8.37"]
[White "Starr, Albert"]
[Black "Gomboluudev, Enkhjin"]
[Result "0-1"]
[WhiteElo "1570"]
[BlackElo "1106"]
[PlyCount "65"]
[EventDate "2013.??.??"]

1. b4 d5 2. e3 e5 3. Bb2 Nf6 4. Bxe5 Bxb4 5. Bc3 Bxc3 6. Nxc3 Nc6 7. Bb5 Bd7 8.
Bxc6 Bxc6 9. Nge2 O-O 10. O-O Re8 11. d3 Nh5 12. Rb1 Qg5 13. f4 Qg6 14. Rf3 d4
15. Ne4 dxe3 16. Rxe3 Rad8 17. Rb4 Bxe4 18. Rbxe4 Rxe4 19. Rxe4 Qxe4 20. Nc3
Qxf4 21. Qxh5 Qc1+ 22. Qd1 Qe3+ 23. Kh1 Re8 24. h3 c5 25. Ne4 f5 26. Nd6 Re6
27. Nxf5 Qf2 28. Qg4 Rg6 29. Ne7+ Kf7 30. Nxg6 hxg6 31. Qf3+ Qxf3 32. gxf3 b5
33. Kg2 0-1

[Event "Mechanics' Summer TNM; 30/90, SD/30"]
[Site "San Francisco"]
[Date "2013.06.18"]
[Round "4.28"]
[White "Starr, Albert"]
[Black "Kottcamp, Jeffrey"]
[Result "0-1"]
[WhiteElo "1627"]
[BlackElo "1782"]
[PlyCount "60"]
[EventDate "2013.??.??"]

1. b4 d5 2. e3 e5 3. Bb2 Bd6 4. b5 Be6 5. d3 c5 6. c4 d4 7. exd4 cxd4 8. Nf3
Nf6 9. Be2 O-O 10. O-O Nbd7 11. Nbd2 Nc5 12. a4 Bf5 13. Nb3 Re8 14. a5 Qc7 15.
g3 b6 16. a6 Nfd7 17. Re1 Nxb3 18. Qxb3 Nc5 19. Qd1 Be7 20. Bf1 Bf6 21. Ba3
Rad8 22. Ra2 e4 23. dxe4 Nxe4 24. Bb4 Be7 25. Bd2 d3 26. Bf4 Qxc4 27. Ne5 Qxa2
28. Be3 Bb4 29. Nc6 Bxe1 30. Nxd8 Bxf2+ 0-1

[Event "Mechanics' Summer TNM; 30/90, SD/30"]
[Site "San Francisco"]
[Date "2013.07.09"]
[Round "7.29"]
[White "Starr, Albert"]
[Black "Muller, Raymond"]
[Result "0-1"]
[WhiteElo "1627"]
[BlackElo "1374"]
[Annotator "Donaldson"]
[PlyCount "68"]
[EventDate "2013.??.??"]

1. b4 e5 2. Bb2 d6 3. e3 Nf6 4. d3 Be6 5. Nf3 Nbd7 6. Be2 d5 7. b5 Bd6 8. O-O
c6 9. c4 a6 10. a4 axb5 11. axb5 Rxa1 12. Bxa1 Qa5 13. Nbd2 O-O 14. Bb2 cxb5
15. cxb5 Qxb5 16. Qa1 Re8 17. Rb1 (17. Nxe5 Nxe5 18. Bxe5 Bxe5 19. Qxe5 Bg4)
17... Qa6 18. Bxe5 Bxe5 19. Qxa6 bxa6 20. d4 Bd6 21. Bxa6 Bf5 22. Rb3 Ra8 23.
Bf1 Ne4 24. g3 Nxd2 25. Nxd2 Ra2 26. Nf3 Bg4 27. Kg2 Nf6 28. Bd3 Be6 29. h3 Ne4
30. Bxe4 dxe4 31. Rb6 exf3+ 32. Kxf3 Bc7 33. Rb1 f5 34. g4 Bd5+ 0-1

[Event "Mechanics' Fall TNM; 30/90, SD/30"]
[Site "San Francisco"]
[Date "2013.11.26"]
[Round "6.12"]
[White "Starr, Albert"]
[Black "Olson, David"]
[Result "1-0"]
[WhiteElo "1452"]
[BlackElo "1447"]
[PlyCount "67"]
[EventDate "2013.??.??"]

1. b4 e5 2. Bb2 Bxb4 3. Bxe5 Nf6 4. c4 O-O 5. e3 Re8 6. Nf3 Nc6 7. Bc3 d5 8.
Bxb4 Nxb4 9. a3 Nc6 10. h3 d4 11. Qc2 g6 12. Be2 Bf5 13. Bd3 Ne4 14. O-O Qd7
15. Nh4 Re5 16. Nxf5 gxf5 17. f4 Re6 18. Rf3 Kh8 19. Bxe4 fxe4 20. Rg3 d3 21.
Qc3+ f6 22. Qb2 b6 23. Nc3 Ne7 24. Nxe4 Rf8 25. Ng5 Rc6 26. Rc1 h6 27. Nf3 Nf5
28. Rg4 h5 29. Rg5 Qf7 30. Rxf5 Qg6 31. Nh4 Qg3 32. Rxh5+ Kg7 33. Rg5+ Qxg5 34.
fxg5 1-0

[Event "Mechanics' Winter TNM; 30/90, SD/30"]
[Site "San Francisco"]
[Date "2013.02.12"]
[Round "6.16"]
[White "Starr, Albert"]
[Black "Poling, Scott"]
[Result "0-1"]
[WhiteElo "1515"]
[BlackElo "1748"]
[Annotator "Donaldson"]
[PlyCount "98"]
[EventDate "2013.??.??"]

1. b4 e6 2. Bb2 Nf6 3. b5 d5 4. e3 Bd6 5. Nf3 O-O 6. Be2 c5 7. c4 Nbd7 8. O-O
Qc7 9. g3 Nb6 10. d3 Ng4 11. h3 Ne5 12. Nxe5 Bxe5 13. Bxe5 Qxe5 14. Nd2 dxc4
15. dxc4 Rd8 16. Nf3 Qc7 17. Qc2 h6 18. Rfd1 e5 19. Rxd8+ Qxd8 20. Nxe5 Qf6 21.
f4 Be6 22. Rd1 g5 23. Bg4 Re8 24. Bxe6 Qxe6 25. Qd3 Qxh3 26. e4 gxf4 27. gxf4
Qxd3 28. Rxd3 Nxc4 $4 29. Nd7 $4 (29. Nxc4 Rxe4 30. Nd6 $18) 29... Re6 30. Nxc5
Rg6+ 31. Kf2 b6 32. Nd7 Rd6 33. Rxd6 Nxd6 34. a4 Nxe4+ 35. Ke3 Nc3 36. Nb8 Nxa4
37. Nc6 Kg7 38. Nxa7 Kf6 39. Nc8 Ke6 40. Kf3 Kd7 41. Na7 Nc3 42. Kg4 Kd6 43. f5
Kc5 44. Nc8 Nxb5 45. Kh5 Nd6 46. Nxb6 Kxb6 47. f6 Kc5 48. Kxh6 Kd4 49. Kg5 Ke5
0-1

[Event "Mechanics' Summer TNM; 30/90, SD/30"]
[Site "San Francisco"]
[Date "2013.07.16"]
[Round "8.29"]
[White "Starr, Albert"]
[Black "Reyes, Robert"]
[Result "1-0"]
[WhiteElo "1627"]
[BlackElo "1241"]
[PlyCount "125"]
[EventDate "2013.??.??"]

1. d4 d5 2. Bf4 Nf6 3. e3 c5 4. c3 Nc6 5. Nf3 e6 6. a3 c4 7. Nbd2 Be7 8. h3 h6
9. Be2 O-O 10. O-O Bd6 11. Bxd6 Qxd6 12. Nh2 e5 13. f4 e4 14. g4 Nh7 15. Rf2 f5
16. Ndf1 Qg6 17. Rg2 Nf6 18. g5 Nh7 19. Bh5 Qd6 20. gxh6 Qxh6 21. Rg6 Qxg6+ 22.
Bxg6 Nf6 23. Ng3 Ne7 24. Bh5 g6 25. Be2 Rf7 26. Kh1 Rh7 27. Qf1 Bd7 28. Qg2 Kf7
29. Rg1 Rah8 30. Bf1 Be8 31. Ne2 Ke6 32. Qf2 Rg8 33. Rg5 Rgg7 34. Ng1 Rh6 35.
Qc2 Nh7 36. Rg3 Nc6 37. b3 b5 38. bxc4 dxc4 39. Qd1 Kd5 40. a4 a6 41. axb5 axb5
42. Qb1 Rb7 43. Bg2 Nf6 44. Ne2 b4 45. cxb4 Rxb4 46. Nc3+ Ke6 47. Qa2 Rh7 48.
Bf1 Ra7 49. Bxc4+ Ke7 50. Qe2 Na5 51. Nd5+ Nxd5 52. Bxd5 Rc7 53. Bg8 Rb6 54. d5
Bf7 55. Bxf7 Kxf7 56. Qa2 Nc4 57. Nf1 Ke7 58. Qa1 Kd8 59. Qh8+ Kd7 60. Qg7+ Kd6
61. Rxg6+ Kxd5 62. Qxc7 Rb1 63. Qc6# 1-0

[Event "Mechanics' Fall TNM; 30/90, SD/30"]
[Site "San Francisco"]
[Date "2013.12.10"]
[Round "8.12"]
[White "Starr, Albert"]
[Black "Sarafian, Greg"]
[Result "0-1"]
[WhiteElo "1452"]
[BlackElo "1827"]
[PlyCount "32"]
[EventDate "2013.??.??"]

1. b4 e5 2. Bb2 e4 3. e3 d5 4. c4 c6 5. cxd5 cxd5 6. Bb5+ Nc6 7. a3 Nf6 8. Ne2
a6 9. Ba4 Bg4 10. O-O Bd6 11. g3 h5 12. h4 Bf3 13. Qe1 Qd7 14. Kh2 Qg4 15. Ng1
Qxh4+ 16. Nh3 Ng4+ 0-1

[Event "Mechanics' Spring TNM; 30/90, SD/30"]
[Site "San Francisco"]
[Date "2013.03.26"]
[Round "2.25"]
[White "Starr, Albert"]
[Black "Shi, Jaysen"]
[Result "0-1"]
[WhiteElo "1570"]
[BlackElo "1736"]
[PlyCount "112"]
[EventDate "2013.??.??"]

1. b4 d5 2. e3 Nf6 3. Bb2 Bf5 4. Nf3 e6 5. b5 Be7 6. Be2 O-O 7. O-O a6 8. a4
axb5 9. axb5 Rxa1 10. Bxa1 Nbd7 11. d3 Qa8 12. Nbd2 Qa4 13. c4 Qxd1 14. Rxd1
Ra8 15. Nd4 Bg6 16. N2b3 Ra2 17. Rd2 Ra3 18. Bb2 Ra4 19. Bd1 Ra2 20. h3 Bb4 21.
Nc1 Bxd2 22. Nxa2 Bxd3 23. cxd5 Nxd5 24. Be2 Bb1 25. Nc1 Bxc1 26. Bxc1 Nc3 27.
Bf3 e5 28. Ne2 Nxe2+ 29. Bxe2 e4 30. Ba3 Bd3 31. Bxd3 exd3 32. Kf1 Ne5 33. Ke1
Nc4 34. Bb4 b6 35. Kd1 f6 36. e4 Kf7 37. g4 Ke6 38. f4 Nd6 39. Bxd6 Kxd6 40.
Kd2 Kc5 41. Kxd3 Kxb5 42. g5 Kc6 43. h4 Kd6 44. Kc4 c6 45. Kd4 c5+ 46. Kc4 Kc6
47. gxf6 gxf6 48. h5 b5+ 49. Kd3 h6 50. Kc3 Kd6 51. Kd3 c4+ 52. Kd4 Ke6 53. Kc3
Kd6 54. Kd4 Kc6 55. Kc3 Kc5 56. Kd2 Kd4 0-1

[Event "Mechanics' Spring TNM; 30/90, SD/30"]
[Site "San Francisco"]
[Date "2013.04.23"]
[Round "6.37"]
[White "Starr, Albert"]
[Black "Simpkins, Jerry"]
[Result "0-1"]
[WhiteElo "1570"]
[BlackElo "1317"]
[PlyCount "54"]
[EventDate "2013.??.??"]

1. b4 e5 2. Bb2 Nf6 3. e3 e4 4. b5 d5 5. d3 Bd6 6. dxe4 dxe4 7. Bc4 Nbd7 8. Ne2
Nb6 9. Bb3 Bg4 10. O-O Qe7 11. c4 Rd8 12. Qc2 Nbd7 13. Nbc3 Bf5 14. a4 Nc5 15.
Nd4 Bg6 16. Ba2 Nd3 17. Nd5 Qe5 18. Nxf6+ gxf6 19. g3 Qh5 20. Bc3 Ne5 21. h4 $4
(21. Qb2 $15) 21... Nf3+ $1 22. Nxf3 (22. Kg2 Nxh4+) 22... exf3 23. Qb2 Qf5 (
23... Qg4 $1 24. Kh2 Qxh4+) 24. Kh2 Qe4 $4 (24... Qg4 $1) 25. Bxf6 Rd7 26. Bxh8
$4 (26. c5) 26... Qxh4+ 27. Kg1 Qh3 0-1

[Event "Mechanics' Fall TNM; 30/90, SD/30"]
[Site "San Francisco"]
[Date "2013.11.05"]
[Round "3.5"]
[White "Starr, Albert"]
[Black "Tsodikova, Natalya"]
[Result "0-1"]
[WhiteElo "1452"]
[BlackElo "2234"]
[PlyCount "74"]
[EventDate "2013.??.??"]

1. b4 Nf6 2. Bb2 e6 3. b5 d5 4. e3 c5 5. c4 Be7 6. Be2 O-O 7. d3 a6 8. a4 axb5
9. axb5 Rxa1 10. Bxa1 Qa5+ 11. Bc3 Qc7 12. Nf3 Nbd7 13. O-O e5 14. Nbd2 d4 15.
exd4 cxd4 16. Bb2 Nc5 17. Re1 b6 18. h3 Bb7 19. Bf1 Bd6 20. Bc1 h6 21. Nh4 Qd7
22. g4 e4 23. Nxe4 Ncxe4 24. dxe4 Bxe4 25. Bg2 Bxg2 26. Nxg2 Rd8 27. Qf3 Nh7
28. Nf4 Ng5 29. Qg2 Bxf4 30. Bxf4 Ne6 31. Bd2 Qc7 32. Rc1 Nc5 33. Qf3 d3 34.
Rc3 Qe5 35. Qe3 Qxe3 36. Bxe3 d2 37. Bxd2 Rxd2 0-1

[Event "Mechanics' Spring TNM; 30/90, SD/30"]
[Site "San Francisco"]
[Date "2013.04.09"]
[Round "4.26"]
[White "Starr, Albert"]
[Black "Uzzaman, Ashik"]
[Result "0-1"]
[WhiteElo "1570"]
[BlackElo "1987"]
[PlyCount "92"]
[EventDate "2013.??.??"]

1. b4 e6 2. Bb2 Nf6 3. b5 a6 4. a4 Be7 5. e3 O-O 6. Nf3 c6 7. c4 d5 8. Be2 axb5
9. axb5 Rxa1 10. Bxa1 dxc4 11. Bxc4 Nbd7 12. bxc6 bxc6 13. O-O Nc5 14. d3 Ba6
15. Bxa6 Nxa6 16. Nd4 Nb4 17. Bc3 Nfd5 18. Qa4 c5 19. Bxb4 Nxb4 20. Nf3 Qxd3
21. Rd1 Qc2 22. Qxc2 Nxc2 23. Rd7 Rd8 24. Rxd8+ Bxd8 25. Nbd2 Na3 26. Ne5 f6
27. Nec4 Nxc4 28. Nxc4 Be7 29. h3 Kf7 30. f3 e5 31. e4 h5 32. Kf2 h4 33. Ke3
Kg6 34. Kd3 Kg5 35. Ne3 Bd6 36. Kc4 Bf8 37. Nd5 f5 38. Nc7 Kf6 39. Kd5 g6 40.
Ne8+ Kg5 41. Kxe5 c4 42. Kd4 Kf4 43. exf5 gxf5 44. Nf6 Bg7 45. Kxc4 Bxf6 46.
Kd3 Kg3 0-1

[Event "Mechanics' Fall TNM; 30/90, SD/30"]
[Site "San Francisco"]
[Date "2013.12.17"]
[Round "9.13"]
[White "Starr, Albert"]
[Black "Yamamoto, Craig"]
[Result "1-0"]
[WhiteElo "1452"]
[BlackElo "1500"]
[PlyCount "41"]
[EventDate "2013.??.??"]

1. b4 Nf6 2. Bb2 e6 3. b5 Be7 4. e3 O-O 5. Nf3 a6 6. a4 axb5 7. axb5 Rxa1 8.
Bxa1 d5 9. Be2 b6 10. O-O Bb7 11. d3 Nbd7 12. Nbd2 Ne8 13. c4 dxc4 14. dxc4 Nc5
15. Qc2 Bf6 16. Ne5 Nd6 17. Bf3 Bxf3 18. Ndxf3 Qa8 19. Bd4 Ncb7 20. Ra1 Bxe5 $4
21. Rxa8 1-0

[Event "Mechanics' Neil Falconer TNM; 30/90, SD"]
[Site "San Francisco"]
[Date "2013.08.27"]
[Round "4.11"]
[White "Steger, Alex"]
[Black "Drane, Robert"]
[Result "1-0"]
[WhiteElo "1990"]
[BlackElo "1811"]
[PlyCount "53"]
[EventDate "2013.??.??"]

1. d4 f5 2. Nc3 d5 3. Bf4 a6 4. e3 Nf6 5. h3 c5 6. dxc5 Qa5 7. Bxb8 Rxb8 8. Qd4
e6 9. b4 Qc7 10. Nf3 Bd7 11. Qe5 Qc8 12. Nd4 Be7 13. Bd3 O-O 14. Bxf5 exf5 15.
Qxe7 b6 16. O-O bxc5 17. bxc5 Rb7 18. Qd6 Bb5 19. c6 Rc7 20. Ncxb5 axb5 21. Ne6
Rxc6 22. Qxf8+ Qxf8 23. Nxf8 Kxf8 24. Rfb1 Rc5 25. Rb2 Ne4 26. a4 bxa4 27. Rxa4
1-0